[Event "ROM-chT2"]
[Site "Slanic Moldova"]
[Date "2017.10.08"]
[Round "9.6"]
[White "Axin, Andrei"]
[Black "Salim, Riza"]
[Result "1/2-1/2"]
[WhiteElo "1700"]
[BlackElo "2033"]
[PlyCount "30"]
[EventDate "2017.09.30"]
[EventType "team-tourn"]
[EventRounds "9"]
[EventCountry "ROU"]
[SourceTitle "CBM 181 Extra"]
[Source "ChessBase"]
[SourceDate "2017.12.12"]
[SourceVersion "1"]
[SourceVersionDate "2017.12.12"]
[SourceQuality "1"]
[WhiteTeam "Galati Diana"]
[BlackTeam "Techirghiol Victoria"]
[WhiteTeamCountry "ROU"]
[BlackTeamCountry "ROU"]

1. e4 c5 2. Nf3 Nc6 3. d4 cxd4 4. Nxd4 g6 5. Nc3 Bg7 6. Be3 Nf6 7. Be2 0-0 8. 0-0 d5 9. exd5 Nxd5 10. Nxd5 Qxd5 11. Bf3 Qc4 12. Nxc6 bxc6 13. c3 Bf5 14. Qb3 Qa6 15. Bc5 Rfe8 1/2-1/2

[Event "ROM-ch U16"]
[Site "Calimanesti Caciulata"]
[Date "2016.04.23"]
[Round "7"]
[White "Axin, Andrei"]
[Black "Ion, Dragos Cosmin"]
[Result "0-1"]
[WhiteElo "1551"]
[BlackElo "1762"]
[PlyCount "108"]
[EventDate "2016.04.18"]
[EventType "swiss"]
[EventRounds "9"]
[EventCountry "ROU"]
[SourceTitle "CBM 172 Extra"]
[Source "ChessBase"]
[SourceDate "2016.06.21"]
[SourceVersion "1"]
[SourceVersionDate "2016.06.21"]
[SourceQuality "1"]

1. e4 c5 2. Nf3 d6 3. Nc3 Nf6 4. Be2 g6 5. 0-0 Bg7 6. d3 0-0 7. Be3 Nc6 8. Qd2 Rb8 9. a4 a6 10. a5 Nxa5 11. Bh6 b5 12. Bxg7 Kxg7 13. e5 dxe5 14. Nxe5 Qc7 15. f4 Nc6 16. Nxc6 Qxc6 17. Bf3 Qb6 18. Kh1 Bb7 19. Bxb7 Qxb7 20. f5 Rbd8 21. Qf4 Rd4 22. Qf3 Qxf3 23. Rxf3 Rd6 24. Re3 Re8 25. fxg6 hxg6 26. Ne4 Nxe4 27. Rxe4 e5 28. Rae1 Rde6 29. g3 f5 30. R4e2 Kf6 31. Kg2 a5 32. Kf3 g5 33. Ra1 g4+ 34. Kg2 a4 35. c4 bxc4 36. dxc4 Ra6 37. b3 a3 38. Rea2 Rea8 39. Kf2 f4 40. Ke2 Kf5 41. gxf4 exf4 42. Rd1 Rh8 43. Rd5+ Ke4 44. Kf1 Rh3 45. Rxc5 Rxb3 46. Rb5 Rc3 47. Rg5 Rb6 48. Rb5 Rxb5 49. cxb5 Rb3 50. b6 Rb1+ 51. Kf2 Rb2+ 52. Rxb2 axb2 53. b7 b1Q 54. b8Q Qxb8 0-1

[Event "ROM-ch U16"]
[Site "Calimanesti Caciulata"]
[Date "2016.04.21"]
[Round "4"]
[White "Pasca, Mihai Alexandru"]
[Black "Axin, Andrei"]
[Result "1-0"]
[WhiteElo "1585"]
[BlackElo "1551"]
[PlyCount "122"]
[EventDate "2016.04.18"]
[EventType "swiss"]
[EventRounds "9"]
[EventCountry "ROU"]
[SourceTitle "CBM 172 Extra"]
[Source "ChessBase"]
[SourceDate "2016.06.21"]
[SourceVersion "1"]
[SourceVersionDate "2016.06.21"]
[SourceQuality "1"]

1. e4 e5 2. Nf3 Nc6 3. Bb5 d6 4. d4 exd4 5. Nxd4 Bd7 6. Nc3 Nf6 7. 0-0 Ne5 8. Bxd7+ Qxd7 9. Bg5 0-0-0 10. Bxf6 gxf6 11. Nf5 c6 12. Qd4 Kb8 13. f4 c5 14. Qd5 Ng6 15. Rad1 Qc6 16. Nb5 Re8 17. Nbxd6 Bxd6 18. Nxd6 Qxd5 19. Rxd5 Re7 20. Rxc5 Rd8 21. Rd1 Nxf4 22. Rf5 Re6 23. Rxf4 Rdxd6 24. Rxd6 Rxd6 25. Kf2 Re6 26. Ke2 f5 27. Rxf5 Rxe4+ 28. Kd3 Re7 29. Rh5 f6 30. Rh6 Rd7+ 31. Ke3 Re7+ 32. Kf3 Rd7 33. Rxf6 Rd2 34. Rf4 Rxc2 35. Re4 Kc7 36. Rb4 Kc8 37. Rb3 Kb8 38. h4 b6 39. g4 Rc4 40. Rc3 Rd4 41. h5 Kb7 42. g5 Rh4 43. h6 Rb4 44. a3 Rxb2 45. Kg4 Rd2 46. g6 hxg6 47. h7 Rd8 48. Kg5 b5 49. Kxg6 Kb6 50. Kg7 Rd7+ 51. Kg6 Rd8 52. Rf3 Rh8 53. Kg7 Rxh7+ 54. Kxh7 Ka5 55. Rf5 Kb6 56. Kg6 a5 57. Rf6+ Kc5 58. Ra6 a4 59. Ra5 Kc4 60. Kf5 Kb3 61. Rxb5+ Kxa3 1-0

[Event "ROM-ch U14"]
[Site "Calimanesti"]
[Date "2015.03.30"]
[Round "1"]
[White "Trifu, Cristian Antonio"]
[Black "Axin, Andrei"]
[Result "0-1"]
[WhiteElo "1117"]
[BlackElo "1687"]
[PlyCount "98"]
[EventDate "2015.03.30"]
[EventType "swiss"]
[EventRounds "9"]
[EventCountry "ROU"]
[SourceTitle "CBM 165 Extra"]
[Source "ChessBase"]
[SourceDate "2015.04.21"]
[SourceVersion "1"]
[SourceVersionDate "2015.04.21"]
[SourceQuality "1"]

1. e4 e5 2. Nf3 Nc6 3. Bc4 Bc5 4. Nc3 Nf6 5. d3 h6 6. Be3 Bb6 7. Nd5 Bxe3 8. fxe3 0-0 9. Nxf6+ Qxf6 10. d4 exd4 11. exd4 Re8 12. Qd3 Qe7 13. e5 d6 14. 0-0-0 dxe5 15. Nxe5 Nxe5 16. dxe5 Qxe5 17. Qf3 Be6 18. Bxe6 Qxe6 19. Qxb7 Qxa2 20. Rhe1 Qa1+ 21. Kd2 Rad8+ 22. Kc3 Qa5+ 23. Kb3 Qb6+ 24. Qxb6 axb6 25. Rxe8+ Rxe8 26. Rd2 f5 27. Kb4 Kf7 28. Kb5 g5 29. Kc6 Re7 30. Rf2 Kf6 31. c4 f4 32. c5 bxc5 33. Kxc5 Kf5 34. Kd5 g4 35. Kc4 Re3 36. Kd4 c5+ 37. Kxc5 f3 38. gxf3 gxf3 39. b4 Kf4 40. b5 Re2 41. Rf1 f2 42. b6 Kf3 43. b7 Rb2 44. Kc6 Kg2 45. Rxf2+ Kxf2 46. Kc7 Kg2 47. Kb8 Kxh2 48. Ka8 Rxb7 49. Kxb7 Kg2 0-1

[Event "ROM-ch U12"]
[Site "Calimanesti"]
[Date "2013.04.08"]
[Round "9"]
[White "Alboni, Denis Dean"]
[Black "Axin, Andrei"]
[Result "1-0"]
[WhiteElo "1523"]
[BlackElo "1428"]
[PlyCount "97"]
[EventDate "2013.04.02"]
[EventType "swiss"]
[EventRounds "9"]
[EventCountry "ROU"]
[SourceTitle "CBM 153 Extra"]
[Source "ChessBase"]
[SourceDate "2013.04.22"]
[SourceVersion "1"]
[SourceVersionDate "2013.04.22"]
[SourceQuality "1"]

1. c4 e5 2. Nc3 Nf6 3. g3 Bc5 4. e3 Nc6 5. a3 a6 6. Bg2 0-0 7. Nge2 d6 8. 0-0 Re8 9. Rb1 Bf5 10. e4 Be6 11. d3 Qd7 12. b4 Bd4 13. Nd5 Bh3 14. Nxf6+ gxf6 15. b5 Ne7 16. Nxd4 exd4 17. a4 axb5 18. axb5 Bxg2 19. Kxg2 Kh8 20. Qh5 Ng6 21. f4 Rg8 22. Bb2 Ra2 23. Kh1 Qe7 24. Bxd4 Rga8 25. Qg5 Kg8 26. Bxf6 Qe6 27. f5 h6 28. Qxg6+ fxg6 29. fxe6 Rd2 30. Ra1 Re8 31. Rad1 Rxd1 32. Rxd1 Rxe6 33. Bc3 Re8 34. Ra1 Kf7 35. Ra7 Rb8 36. Ba5 b6 37. Rxc7+ Ke6 38. Bb4 Ra8 39. Rc6 Ra4 40. Bxd6 Kd7 41. Be5 Ra3 42. Rxb6 Rxd3 43. Rxg6 Re3 44. Bf4 Rxe4 45. c5 Re1+ 46. Kg2 Re2+ 47. Kh3 h5 48. c6+ Kc8 49. Rg8+ 1-0

[Event "ROM-ch U12"]
[Site "Calimanesti"]
[Date "2013.04.05"]
[Round "5"]
[White "Otetea, Andrei"]
[Black "Axin, Andrei"]
[Result "1/2-1/2"]
[WhiteElo "1628"]
[BlackElo "1428"]
[PlyCount "58"]
[EventDate "2013.04.02"]
[EventType "swiss"]
[EventRounds "9"]
[EventCountry "ROU"]
[SourceTitle "CBM 153 Extra"]
[Source "ChessBase"]
[SourceDate "2013.04.22"]
[SourceVersion "1"]
[SourceVersionDate "2013.04.22"]
[SourceQuality "1"]

1. e4 e5 2. Nf3 Nc6 3. Bc4 Bc5 4. c3 Nf6 5. d4 exd4 6. cxd4 Bb4+ 7. Nc3 Nxe4 8. 0-0 Nxc3 9. bxc3 Be7 10. Bxf7+ Kxf7 11. d5 Bf6 12. dxc6 dxc6 13. Qe2 Be6 14. Re1 Qd5 15. Bf4 Qf5 16. Qe3 Rhe8 17. Ne5+ Bxe5 18. Qxe5 Qxe5 19. Bxe5 Re7 20. Re3 Rg8 21. Bd4 b6 22. Rae1 Rge8 23. a3 g6 24. f3 Bd5 25. Be5 c5 26. Kf2 c6 27. Bd6 Re6 28. Rxe6 Rxe6 29. Rxe6 Kxe6 1/2-1/2

[Event "ROM-ch U12"]
[Site "Calimanesti"]
[Date "2013.04.02"]
[Round "1"]
[White "Paraschiv, Paul Alexandru"]
[Black "Axin, Andrei"]
[Result "0-1"]
[WhiteElo "1649"]
[BlackElo "1428"]
[PlyCount "110"]
[EventDate "2013.04.02"]
[EventType "swiss"]
[EventRounds "9"]
[EventCountry "ROU"]
[SourceTitle "CBM 153 Extra"]
[Source "ChessBase"]
[SourceDate "2013.04.22"]
[SourceVersion "1"]
[SourceVersionDate "2013.04.22"]
[SourceQuality "1"]

1. d4 d5 2. Nf3 Nf6 3. e3 Bf5 4. Bd3 Bxd3 5. Qxd3 Nc6 6. b3 e6 7. a3 Be7 8. Bb2 0-0 9. 0-0 Qd7 10. Nbd2 h6 11. c4 Rfd8 12. Rac1 dxc4 13. Nxc4 Nd5 14. Qb1 Nb6 15. Rfd1 Qe8 16. e4 Bf6 17. e5 Be7 18. b4 Nxc4 19. Rxc4 Rd5 20. Ne1 Qd8 21. Nc2 Nxe5 22. Rc3 Ng6 23. Ne3 Rd7 24. Qe4 c6 25. h3 Bf6 26. Rcd3 Qb6 27. Ng4 Be7 28. Ne5 Nxe5 29. dxe5 Rd5 30. Bd4 Qb5 31. Bc3 Rad8 32. Rxd5 Rxd5 33. Qg4 Qa4 34. Rxd5 cxd5 35. Bd2 Qxa3 36. Bxh6 Qa1+ 37. Kh2 Qxe5+ 38. f4 f5 39. Qg6 Qf6 40. Qe8+ Qf8 41. Qg6 Qf7 42. Qg3 Kf8 43. Bg5 Bxg5 44. Qxg5 Qf6 45. Qg3 Kf7 46. Qe3 d4 47. Qd3 Qd8 48. Kg3 Qd6 49. b5 g5 50. Qd2 Qxf4+ 51. Qxf4 gxf4+ 52. Kxf4 Kf6 53. h4 e5+ 54. Kf3 a6 55. bxa6 bxa6 0-1